Глобальные проблемы современности учебное пособие
Учебное пособие посвящено проблемам, которые так или иначе затрагивают практически все страны современного мира. В нём раскрываются условия и факторы возникновения глобальных проблем современности, характеризуется динамика их протекания. Каждая глава настоящего пособия посвящена той или иной глобаль...
Gardado en:
| Autor Principal: | |
|---|---|
| Formato: | Книга |
| Темы: | |
| Acceso en liña: | Перейти к просмотру издания |
| Метки: |
Engadir etiqueta
Sen Etiquetas, Sexa o primeiro en etiquetar este rexistro!
|
| LEADER | 02546nam0a2200337 4500 | ||
|---|---|---|---|
| 001 | RU/IPR SMART/153421 | ||
| 856 | 4 | |u https://www.iprbookshop.ru/153421.html |z Перейти к просмотру издания | |
| 801 | 1 | |a RU |b IPR SMART |c 20250903 |g RCR | |
| 010 | |a 978-5-00172-597-8 | ||
| 205 | |a Глобальные проблемы современности |b Весь срок охраны авторского права | ||
| 333 | |a Весь срок охраны авторского права | ||
| 100 | |a 20250903d2024 k y0rusy01020304ca | ||
| 105 | |a y j 000zy | ||
| 101 | 0 | |a rus | |
| 102 | |a RU | ||
| 200 | 1 | |a Глобальные проблемы современности |e учебное пособие |f Г. В. Брега, А. В. Брега | |
| 700 | 1 | |a Брега, |b Г. В. |4 070 | |
| 701 | 1 | |a Брега, |b А. В. |4 070 | |
| 330 | |a Учебное пособие посвящено проблемам, которые так или иначе затрагивают практически все страны современного мира. В нём раскрываются условия и факторы возникновения глобальных проблем современности, характеризуется динамика их протекания. Каждая глава настоящего пособия посвящена той или иной глобальной проблеме. Особое внимание уделяется фактологическому наполнению материала глав, что делает изложенные положения наглядными с точки зрения практики. Также представлены предлагаемые направления преодоления глобальных проблем современности. Учебное пособие предназначено студентам, изучающим курс «Глобальные проблемы современности». | ||
| 210 | |a Москва |c Прометей |d 2024 | ||
| 610 | 1 | |a современность | |
| 610 | 1 | |a глобальные проблемы | |
| 675 | |a 316 | ||
| 686 | |a 60.5 |2 rubbk | ||
| 300 | |a Книга находится в премиум-версии IPR SMART. | ||
| 106 | |a s | ||
| 230 | |a Электрон. дан. (1 файл) | ||
| 336 | |a Текст | ||
| 337 | |a электронный | ||
| 503 | 0 | |a Доступна эл. версия. IPR SMART | |
| 215 | |a 328 с. | ||